|
|
|
|
| LEADER |
01046nam a2200265 a 4500 |
| 001 |
3143 |
| 003 |
BD-DhAAL |
| 005 |
20150524093943.0 |
| 008 |
150524s1992 nyua b 001 0 eng |
| 010 |
|
|
|a 92227498
|
| 020 |
|
|
|a 1880559005 :
|c $22.95
|
| 040 |
|
|
|a DLC
|c DLC
|d BD-DhAAL
|
| 050 |
0 |
0 |
|a TR790
|b .M38 1992
|
| 082 |
0 |
0 |
|a 778.9/991
|2 20
|
| 100 |
1 |
|
|a McCartney, Susan.
|9 11334
|
| 245 |
1 |
0 |
|a Travel photography :
|b a complete guide to how to shoot and sell /
|c Susan McCartney.
|
| 260 |
|
|
|a New York :
|b Allworth Press ;
|a Saint Paul, MN :
|b Distributor to the trade in the U.S., Consortium Book Sales & Distribution,
|c c1992.
|
| 300 |
|
|
|a 384 p. :
|b ill. ;
|c 26 cm.
|
| 504 |
|
|
|a Includes bibliographical references (p. 375-377) and index.
|
| 541 |
|
|
|e 3143
|
| 650 |
|
0 |
|a Travel photography.
|9 11335
|
| 650 |
|
0 |
|a Freelance photography.
|9 11336
|
| 942 |
|
|
|2 ddc
|c BK
|
| 999 |
|
|
|c 34496
|d 34496
|
| 952 |
|
|
|0 0
|1 0
|2 ddc
|4 0
|6 778_999100000000000_MCC
|7 0
|9 53843
|a SCL
|b SCL
|c GEN
|d 2015-05-24
|l 6
|m 12
|o 778.9991 MCC
|p 3020003143
|r 2023-08-27
|s 2023-06-05
|t 1
|w 2015-05-24
|y BK
|